| 000 | 00876na a2200277 4500 | ||
|---|---|---|---|
| 001 | 18038 | ||
| 003 | MIRAKIL | ||
| 005 | 20181213154929.0 | ||
| 008 | 161110b tu 000 0 | ||
| 020 | _a9756448148 | ||
| 040 |
_aMilas _btur _cTR-AnCHP |
||
| 041 | _atur | ||
| 082 |
_a364.1323 _bT26h 2003 |
||
| 090 | _a364.1323 T26h 2003 | ||
| 100 | _aTartan, Hakan | ||
| 245 |
_aHortumun ucundakiler _cHakan Tartan |
||
| 260 |
_aİstanbul _bToplumsal Dönüşüm Yayınları _c2003 |
||
| 300 |
_a544 s. _c20 sm. |
||
| 440 |
_aToplumsal Dönüşüm Yayınları _v216 |
||
| 490 |
_aAraştırma ve İnceleme _v66 |
||
| 500 | _aYapıt adı başında: Türkiye'de batan bankaların ibret verici hikayesi | ||
| 650 |
_aToplumsal sorunlar _zTürkiye |
||
| 650 |
_aKriminoloji _xHortumculuk _zTürkiye |
||
| 740 | _aTürkiye'de batan bankaların hikayesi | ||
| 942 |
_2dcc _cBKS |
||
| 999 |
_c3370 _d3370 |
||